Islami istelahat/ (Record no. 96298)
[ view plain ]
| 000 -LEADER | |
|---|---|
| fixed length control field | 00417nam a22001457a 4500 |
| 005 - DATE AND TIME OF LATEST TRANSACTION | |
| control field | 20170803093718.0 |
| 008 - FIXED-LENGTH DATA ELEMENTS--GENERAL INFORMATION | |
| fixed length control field | 170803b xxu||||| |||| 00| 0 eng d |
| 040 ## - CATALOGING SOURCE | |
| Transcribing agency | PK-LaUMT |
| 082 ## - DEWEY DECIMAL CLASSIFICATION NUMBER | |
| Classification number | ZIAC 297.03 |
| Item number | HAQ-I |
| 100 ## - MAIN ENTRY--PERSONAL NAME | |
| Personal name | Haq Muhammad , G . A. |
| 245 ## - TITLE STATEMENT | |
| Title | Islami istelahat/ |
| Statement of responsibility, etc | G . A. Haq Muhammad |
| 260 ## - PUBLICATION, DISTRIBUTION, ETC. (IMPRINT) | |
| Place of publication, distribution, etc | اسلام آباد: |
| Name of publisher, distributor, etc | اکیڈمی معارف اسلامیہ، |
| Date of publication, distribution, etc | 1992 |
| 300 ## - PHYSICAL DESCRIPTION | |
| Extent | 320 ص |
| 942 ## - ADDED ENTRY ELEMENTS (KOHA) | |
| Koha item type | Books |
| Withdrawn status | Lost status | Damaged status | Home library | Current library | Date acquired | Full call number | Barcode | Date last seen | Price effective from | Koha item type |
|---|---|---|---|---|---|---|---|---|---|---|
| UMT Main Campus | UMT Main Campus | 2017-08-03 | ZIAC 297.03 HAQ-I | 111940 | 2021-06-24 | 2017-08-03 | Books |
